000 00521nam a2200169Ia 4500
008 210716s2002 xx 000 0 und d
020 _a70435804
041 _aeng
082 _a005.368 RAMR
100 _aRamaswamy, R.
245 _aArt and technology of software engineering: a mosaic of models and methods.
_bA mosaic of models and methods.
250 _a1
260 _aNew Delhi
_bTata McGraw Hill Publishing Company Ltd
_c2002
300 _avii,154
650 _aSoftware Engineering
700 _aRamaswamy, R.
999 _c185026
_d185026